00723nam a22002057a 450000500170000001000290001702000260004603500270007203700130009903700190011208200170013110000210014824501410016926000310031027000780034130000240041950000510044370000200049471000030051420111128120444.0 aENG-104215 B-464039-043 a9780415501552c695.00 aEN-87748 B-464039-043 bDBAD/PUB bAllied Pub/Ven a363.34940954 aMulligan, Martin aRebuilding communities in the wake of disaster : :cby Martin Mulligan [and] Yaso Nadarajahbsocial recovery in Sri Lanka and India / aNew DelhibRoutledgec2012 a912 Tolstoy House, 15-17 Tolstoy Marg, Connaught PlacebNew Delhie110001 axx,231p.c22cm (Hb) aIncludes bibliographical references and index aNadarajah, Yaso